Statistics for Kpop Music Videos With At Least 60 Million Views

Click here to take the quiz!

General Stats

  • This quiz has been taken 394 times
  • The average score is 21 of 40

Answer Stats

Number of Views Artist Name of Music Video % Correct
2,577,269,000PsyGangnam Style
94%
68,617,000TaeyeonI
88%
140,986,000Big BangBang Bang Bang
83%
225,813,000Big BangFantastic Baby
82%
161,584,000Girl's GenerationGee
77%
100,279,000EXOGrowl
76%
162,643,000Psy feat. CLDaddy
72%
65,043,000Super JuniorSorry, Sorry
71%
959,643,000PsyGentleman
69%
87,257,000EXOCall Me Baby
69%
151,897,0002NE1I Am the Best
68%
105,119,000GD & TaeyangGood Boy
66%
163,583,000Girl's GenerationI Got a Boy
65%
110,274,000HyunaBubble Pop
65%
60,436,0004minuteCrazy
61%
101,804,000EXOOverdose
61%
108,744,000Super JuniorMr. Simple
60%
60,633,000Big BangMonster
58%
64,257,000Bangtan BoysDope
56%
95,164,000F(x)Electric Shock
54%
72,467,000ShineeLucifer
53%
68,005,000ShineeRing Ding Dong
53%
71,811,000EXOWolf
52%
63,619,000TwiceLike OOH-AHH
52%
70,776,000TaeyangEyes, Nose, Lips
51%
97,083,000Big BangLoser
45%
65,582,000Big BangHaru Haru
41%
259,003,000Psy feat. Snoop DoggHangover
38%
78,664,000G DragonCrooked
37%
140,735,000Girl's GenerationThe Boys
36%
60,790,000Girl's GenerationMr. Mr.
35%
64,798,000Big BangBae Bae
33%
93,345,000Girl's GenerationOh!
33%
78,698,000Girl's GenerationRun Devil Run
31%
87,913,000Big BangBad Boy
30%
62,493,000Girl's GenerationParty
29%
81,729,000Big BangBlue
23%
86,039,000HyunaIce Cream
23%
64,686,000Big BangLet's Not Fall in Love
19%
73,968,000Super JuniorBonamana
18%

Score Distribution

Percentile by Number Answered

Percent of People with Each Score

Your Score History

You have not taken this quiz